Language Quiz

Random Language or Spanish Quiz

NFL Teams in Spanish Quiz Stats

 Plays Quiz Updated Dec 20, 2018

Score 0/32 Timer 05:00
2 Plays Today
% Correct
Bills
94%
Vikings
93.9%
Jaguars
93.8%
Giants
93.8%
Jets
93.8%
Titans
93.7%
Patriots
93.7%
Broncos
93.7%
Bengals
93.6%
Cardinals
93.2%
Buccaneers
93.2%
Lions
92.5%
Panthers
91.8%
Dolphins
91.3%
Saints
90.6%
Redskins
82.9%
% Correct
49ers
82.8%
Texans
80.7%
Falcons
78.3%
Seahawks
75.4%
Chargers
70.4%
Chiefs
65.3%
Bears
62.4%
Browns
59%
Packers
56.4%
Eagles
55.3%
Cowboys
55.1%
Raiders
54.8%
Steelers
27.7%
Colts
23.2%
Rams
20.8%
Ravens
20.4%

You're not logged in!

Compare scores with friends on all Sporcle quizzes.
OR
Log In

Sporcle TV

Today on Sporcle TV


Watch our educational content, quiz creation guides, and fun videos on Sporcle TV.

Show Comments

Extras

Top Quizzes Today


Score Distribution

Your Account Isn't Verified!

In order to create a playlist on Sporcle, you need to verify the email address you used during registration. Go to your Sporcle Settings to finish the process.

Report this User

Report this user for behavior that violates our Community Guidelines.

Details: